000 00586nam a22002297a 4500
001 14447
003 BD-JhCC
005 20251118120251.0
008 251118b |||||||| |||| 00| 0 eng d
020 _a9780141398495
035 _a(BD-JhCC) 14447
040 _aBD-JhCC
_dBD-JhCC
041 _aeng
082 _223
_a823
_bCON
100 _aConrad, Joseph
245 _aTo-morrow /
_cJoseph Conrad
260 _aLondon:
_bPenguin Classics,
_c2015
300 _a50p.;
_c17 cm.
_ePaper
490 _aPenguin Little black classics
_vN,64
650 _aEnglish story
942 _2ddc
_cBK
999 _c14447
_d14447